| 000 | 00461cam a2200181ua 4500 | ||
|---|---|---|---|
| 020 | _c775.00 | ||
| 041 |
_aeng _h |
||
| 082 |
_a633.85 _bHAM/ED |
||
| 100 | _aHamm, Wolf . | ||
| 245 | 0 | 0 |
_aEdible oil processing / _cWolf Hamm. _hTextual Documents |
| 260 |
_aNew Delhi : _bBlackwell Scientific Publications , _c2004. |
||
| 300 | _a ; . | ||
| 365 | _a775.00 | ||
| 504 | _a | ||
| 700 | 1 | _aHamilton, Richard J . | |
| 942 | _cBK | ||
| 999 |
_c13546 _d13546 |
||